000 00277nam a22001337a 4500
082 _a823
_bANN/A
100 _aANN
245 _aALI BABA AND THE FORTY THIEVES
250 _a1
260 _aTHRISSUR
_bH&C
300 _a64
650 _aENGLISH SHORT STORY
_zKERALA
942 _cBK
999 _c3487
_d3487